| 000 | 00757nam a2200193 a 4500 | ||
|---|---|---|---|
| 003 | 0 | ||
| 005 | 20250423100223.0 | ||
| 008 | 050809s19uu xx 00 eng d | ||
| 050 |
_aPHS HD 4904.25 _b.Y67 2005 |
||
| 100 | _aYoshida, Melanie C. | ||
| 245 |
_aPerceptions of children on the effects of their parents' night jobs on their emotional security / _cMelanie C. Yoshida. |
||
| 260 |
_aLas PiƱas City, Philippines : _bSouthville International School and Colleges, _c2005. |
||
| 300 |
_a31 pages : _billustrations ; _c28 cm. |
||
| 504 | _aIncludes bibliographical references. | ||
| 650 |
_aWorking parents _xEffect on children. |
||
| 650 |
_aShift systems (Work) _xFamily relationships. |
||
| 650 | _aEmotional security in children. | ||
| 942 |
_2lcc _cPASS |
||
| 999 |
_c97325 _d97325 |
||